| 000 | 00525nam a2200133Ia 4500 | ||
|---|---|---|---|
| 008 | 220217s9999 xx 000 0 und d | ||
| 245 | 0 | _aPhysical testing of rubber. Part A 21.Determination ofrubber to metal bond strength. section 21.1. Adhesion to rigid substrates-90degree peel method | |
| 260 | _aUK | ||
| 260 |
_c1997 _bInternational Organisation for Standards |
||
| 490 | _aBritish standard | ||
| 500 | _aStandard number: IS 903 (Part A21) | ||
| 650 | _aRubber physical testing, adhesion rigid substrates | ||
| 942 | _cST | ||
| 999 |
_c73961 _d73961 |
||